000 00360nam a2200157 a 4500
001 4143
003 MO
005 20170315082830.0
008 090223s19uu xx 00 eng d
050 _aTR
_bD55 1982
100 _aDickens, Charles
245 _aOliver Twist.
260 _aNew York :
_bA Bantam Book,
_c1982.
942 _2ddc
_cBK
999 _c110752
_d110752